| 000 | 00384nam a2200169Ia 4500 | ||
|---|---|---|---|
| 001 | 3421 | ||
| 003 | IN-NITTTR | ||
| 005 | 20251114232947.0 | ||
| 008 | 251113s9999||||xx |||||||||||||| ||eng|| | ||
| 040 | _beng | ||
| 040 | _cIN-NITTTR | ||
| 041 | _aeng | ||
| 082 | _a153 H999T | ||
| 100 | _aHyman, Ray | ||
| 245 | 4 |
_aThe nature of psychological inquiry / _cHyman, Ray |
|
| 942 |
_2ddc _cBK |
||
| 999 |
_c5748 _d5748 |
||